banner-ar

وكما يموت الناس مات / (Record no. 66725)

MARC details
000 -الفاتح
حقل البيانات ثابتة الطول 00556nam a22001817a 4500
005 - وقت وتاريخ اخر تعامل مع التسجيلة
رقم الضبط 20240530110935.0
008 - عناصر البيانات ثابتة الطول - معلومات عامة
حقل البيانات ثابتة الطول 220214s1995 ua g 000 p ara d
017 ## - رقم الايداع القانونى
المصدر ( الهيئة المختصة) مصر. دار الكتب
رقم الايداع القانونى 95/1967
040 ## - مصدر الفهرسة
وكالة الفهرسة الأصلية EG-CaGPL
وكالة النسخ EG-CaGPL
082 04 - رقم تصنيف ديوى العشرى
رقم الطبعة 21
رقم التصنيف 811.9/
رقم المادة ع و
100 0# - المدخل الرئيسى - إسم شخصى
الإسم الشخصى عبدالمنعم عواد يوسف
245 10 - بيان العنوان
العنوان وكما يموت الناس مات /
بيان المسئوليه,etc عبدالمنعم عواد يوسف
250 ## - بيان الطبعة
بيان الطبعة ط. 1
300 ## - الوصف المادى
التعداد 159 ص. ؛
أبعاد الوعاء 20 سم
650 07 - المدخل الاضافى بالموضوع-مصطلح موضوعى
مصدر الرأس أو المصطلح qrmak
مصطلح موضوعي الشعر العربى
651 ## - المدخل الاضافى بالموضوع - اسم جغرافى
مصدر الرأس أو المصطلح qrmak
942 ## - عناصر المدخل الإضافي( كوها)
مصدر التصنيف او مخطط الترفيف Dewey Decimal Classification
Koha [default] item type كتاب
Holdings
حالة التراجع حالة الفقد حالة تلف ليس للاعارة المكان المؤقت الموقع الحالى تاريخ الاكتساب اجمالي اﻻعارات رقم الطلب الباركود تاريخ اخر مشاهدة تاريخ تفعيل السعر نوع وعاء كوها
        مكتبة القاهرة الكبرى مكتبة القاهرة الكبرى 10/01/2022   811.9/ ع و 168555 10/01/2022 10/01/2022 كتاب

Powered By

EGPV